Desarrollo agrícola en el tercer mundo (Record no. 97555)
[ view plain ]
| 000 -LEADER | |
|---|---|
| fixed length control field | 01134nam a22002777a 4500 |
| 005 - DATE AND TIME OF LATEST TRANSACTION | |
| control field | 20250919142310.0 |
| 008 - FIXED-LENGTH DATA ELEMENTS--GENERAL INFORMATION | |
| fixed length control field | 210701s mx bd gr|||| 00| 0 spa|d |
| 020 ## - INTERNATIONAL STANDARD BOOK NUMBER | |
| International Standard Book Number | 9681633652 |
| 050 04 - LIBRARY OF CONGRESS CALL NUMBER | |
| Classification number | HD1417 |
| Item number | D47 1991 |
| 240 00 - UNIFORM TITLE | |
| Uniform title | Agricultural development in the third world. |
| Language of a work | Español |
| 245 00 - TITLE STATEMENT | |
| Title | Desarrollo agrícola en el tercer mundo |
| Statement of responsibility, etc | / Carl K. Eicher, John M. Staatz (compiladores) ; traducción de Lisette Eternod, Ester Jansenson, Susana Marín de Rawlinson. |
| 250 ## - EDITION STATEMENT | |
| Edition statement | 1a ed. |
| 260 ## - PUBLICATION, DISTRIBUTION, ETC. (IMPRINT) | |
| Place of publication, distribution, etc | México : |
| Name of publisher, distributor, etc | Fondo de Cultura Económica, |
| Date of publication, distribution, etc | 1991 |
| 300 ## - PHYSICAL DESCRIPTION | |
| Extent | 596 p. : |
| Other physical details | il. ; |
| Dimensions | 23 cm. |
| 490 0# - SERIES STATEMENT | |
| Series statement | Textos de Economía |
| 504 ## - BIBLIOGRAPHY, ETC. NOTE | |
| Bibliography, etc | Incluye bibliografía : p. 581-582 e índice |
| 650 #4 - SUBJECT ADDED ENTRY--TOPICAL TERM | |
| Topical term or geographic name as entry element | Agricultura |
| General subdivision | Aspectos económicas |
| 650 #4 - SUBJECT ADDED ENTRY--TOPICAL TERM | |
| Topical term or geographic name as entry element | Agricultura |
| General subdivision | Aspectos económicos |
| -- | Paises subdesarrollados |
| 651 #4 - SUBJECT ADDED ENTRY--GEOGRAPHIC NAME | |
| Geographic name | Países en desarrollo |
| General subdivision | Economía agrícola |
| -- | Uso del suelo |
| 700 1# - ADDED ENTRY--PERSONAL NAME | |
| Personal name | Eicher, Carl K. |
| Relator term | compilador |
| 700 1# - ADDED ENTRY--PERSONAL NAME | |
| Personal name | Staatz, John M. |
| Relator term | compilador |
| 700 1# - ADDED ENTRY--PERSONAL NAME | |
| Personal name | Eternod, Lisette |
| Relator term | traductor |
| 700 1# - ADDED ENTRY--PERSONAL NAME | |
| Personal name | Jansenson, Ester |
| Relator term | traductor |
| 700 1# - ADDED ENTRY--PERSONAL NAME | |
| Personal name | Marín de Rawlinson, Susana |
| Relator term | traductor |
| 942 ## - ADDED ENTRY ELEMENTS (KOHA) | |
| Source of classification or shelving scheme | Biblioteca del Cogreso de los Estados Unidos |
| Koha item type | Libro |
| Estado de pérdida | Fuente de clasificación | Estado del daño | No para préstamo | Ubicación permanente | Ubicación actual | Apartado o colección | Fecha de adquisición | Fuente de adquisición | Edición | Dependencia de educación superior (DES) | Área del conocimiento | Clasificación | Código de Barras | Date last seen | Número de copia | Costo por reposición | Tipo de recurso |
|---|---|---|---|---|---|---|---|---|---|---|---|---|---|---|---|---|---|
| Biblioteca del Cogreso de los Estados Unidos | Uso interno Biblioteca | Biblioteca de la Facultad de Economía | Biblioteca de la Facultad de Economía | General | 19/09/2025 | Unidad Académica | 1a ed. | Ciencias Económico Administrativas | Ciencias Sociales y Administrativas | HD1417 D47 1991 | BFE000011792 | 07/06/2017 | 1 | 1.00 | Libro | ||
| Biblioteca del Cogreso de los Estados Unidos | Biblioteca de la Facultad de Economía | Biblioteca de la Facultad de Economía | General | 19/09/2025 | Unidad Académica | 1a ed. | Ciencias Económico Administrativas | Ciencias Sociales y Administrativas | HD1417 D47 1991 | BFE000011793 | 07/06/2017 | 2 | 1.00 | Libro |